Quizzes
Events
Quiz Creation
Community
Videos
Private Events
Remove Ads
Sign In
Join for FREE
Feedback
Dark Mode
Quiz Categories
Sports
Geography
Music
Movies
Television
Just For Fun
Miscellaneous
History
Literature
Language
Science
Gaming
Entertainment
Religion
Holiday
For Kids
Quiz Lab
Recent
Popular Today
Quiz Kudos Today
Editor Picks
Curator Picks
Quizzes by...
Day
Popularity
Type
Ratings
Length
Year
Community
Subscriptions
Recent Discussions
Orange Saloon
Badges
Playlists
Quests
Create
Leaderboards
Showdown
Live 5
Trivia Bingo
Activity
Puzzle Library
Sporcle Events
Private Events
Virtual Trivia
Globe League
Become a Host
Pub Owners
SporcleCon
Opinionation
Our Games
Videos
Blog
Mobile Apps
Partnerships
Remove Ads and Go Orange
Feedback
Music
Pop Music
The Beatles
Song
Album
Lyrics
Bands
Singers
Artist
Clip
Rock
Rap
Classical
Billboard
Country Music
Kpop
Taylor Swift
Music
Pop Music
The Beatles
Song
Album
Lyrics
Bands
Singers
Artist
Clip
Rock
Rap
Classical
Billboard
Country Music
Kpop
Taylor Swift
Random Quiz
Search Sporcle
×
Quiz Lab
Quiz Lab
Music
Yellow
Type in answers that appear in a list
Type in answers that appear in a list
Classic
Best Score? Go Orange.
Coldplay - Yellow - name the lyrics Stats
Can you name the Coldplay - Yellow - name the lyrics?
By
callananc
4m
202 Questions
5,462 Plays
5,462 Plays
5,462 Plays
Comments
Comments
Give Quiz Kudos
Give Quiz Kudos
-
- Ratings
hide this ad
Replay
Link that replays current quiz
Next Quiz
Link to next quiz in quiz playlist
You Got
0%
They Got
Avg Score
85%
Avg Friend Score
Upgrade to see
Score Distribution
Jump to the score distribution portion of the page
Score
0/202
Timer
04:00
0
Plays Today
% Correct
the
99.5%
And
99.5%
a
99.5%
And
99.5%
the
99.5%
And
99.5%
a
99.5%
And
99.5%
and
99.5%
a
99.5%
a
99.5%
a
99.5%
a
99.5%
And
99.5%
and
99.5%
the
99.5%
And
99.5%
the
99.5%
you
98.7%
you
98.7%
you
98.7%
you
98.7%
you
98.7%
you
98.7%
You
98.7%
you
98.7%
you
98.7%
you
98.7%
you
98.7%
you
98.7%
you
98.7%
you
98.7%
you
98.7%
you
98.7%
you
98.7%
you
98.7%
you
98.7%
yellow
98.4%
yellow
98.4%
yellow
98.4%
yellow
98.4%
yellow
98.4%
all
97.5%
all
97.5%
all
97.5%
all
97.5%
all
97.5%
all
97.5%
for
97.3%
for
97.3%
for
97.3%
for
97.3%
for
97.3%
For
97.3%
for
97.3%
for
97.3%
for
97.3%
for
97.3%
for
97.3%
for
97.3%
for
97.3%
do
96.1%
do
96.1%
do
96.1%
do
96.1%
do
96.1%
they
95%
they
95%
% Correct
they
95%
they
95%
they
95%
they
95%
they
95%
they
95%
they
95%
Look
93.9%
Look
93.9%
Look
93.9%
Look
93.9%
Look
93.9%
Look
93.9%
Look
93.9%
Look
93.9%
Look
93.9%
Look
93.9%
stars
93.9%
stars
93.9%
at
93.8%
at
93.8%
shine
93.7%
shine
93.7%
shine
93.7%
shine
93.7%
shine
93.7%
shine
93.7%
shine
93.7%
shine
93.7%
how
93.7%
how
93.7%
how
93.7%
how
93.7%
how
93.7%
how
93.7%
how
93.7%
how
93.7%
I
92.4%
I
92.4%
I
92.4%
I
92.4%
I
92.4%
I
92.4%
I
92.4%
I
92.4%
I
92.4%
I
92.4%
I
92.4%
So
91.2%
so
91.2%
so
91.2%
thing
90.9%
thing
90.9%
thing
90.9%
were
89.1%
were
89.1%
it
89%
it
89%
it
89%
was
87.3%
was
87.3%
was
87.3%
things
86.8%
things
86.8%
everything
84%
Oh
83.3%
oh
83.3%
Oh
83.3%
% Correct
Oh
83.3%
oh
83.3%
to
83.2%
to
83.2%
to
83.2%
Yeah
82.7%
yeah
82.7%
yeah
82.7%
Your
80.1%
your
80.1%
Your
80.1%
your
80.1%
beautiful
79.4%
beautiful
79.4%
skin
79.1%
skin
79.1%
skin
79.1%
skin
79.1%
Turn
78.4%
Turn
78.4%
something
78%
something
78%
my
77%
song
76.7%
wrote
76.4%
bones
75.8%
bones
75.8%
what
72.2%
what
72.2%
what
72.2%
know
72.2%
know
72.2%
know
72.2%
know
72.2%
love
71%
love
71%
called
70.5%
into
69.6%
into
69.6%
came
66.8%
along
62.8%
across
61.9%
across
61.9%
took
60.9%
then
57.9%
myself
57.4%
myself
57.4%
bleed
57%
bleed
57%
line
53.5%
line
53.5%
drew
53.1%
drew
53.1%
dry
52.7%
dry
52.7%
done
51.9%
have
49.7%
jumped
49.4%
swam
49%
that
48.7%
Cause
42%
It's
34%
time
30.6%
true
27.2%
D'you
13.3%
D'you
13.3%
Quiz Playlist
Details
Report
Send in Message
Add To Playlist
Classic:
Type in answers that appear in a list
Last Updated: Aug 23, 2017
Quiz Scoreboard
CHALLENGE
Sign Up to Join the Scoreboard
Show All
Scores
Hide
Comments
May contain spoilers
Recently Published
College Basketball Coaching Resumes
by pancakes188
Sports
9m
Billboard Blitz: Fleetwood Mac
by CooCooCachoo
Music
15s
Presidents Visiting Landmarks
by Hejman
History
7m
More to Explore
Quiz From the Vault
Featured Blog Post
Where Did the Easter Bunny Come From?
hide this ad
You Might Also Like...
Tags
Coldplay
Yellow
Today's Top Quizzes in Music
Browse Music
hide this ad
Today's Top Quizzes in Yellow
Browse Yellow
Top Contributed Quizzes in Music
1
Taylor Swift All Songs (2024)
2
7-to-1: Billboard Hot 100 #1 Hits of 2010s
3
Guess the Artist- 70s Songs
4
Sorting Albums and Songs
5
Taylor Swift Logic Puzzle
6
KPOP LOGIC QUIZ
7
Guess the Taylor Swift song (Mystery Song)
8
2010s Album by Cover III
9
One Thing in Common: Music
10
Guess The Taylor Swift Lyrics Song #1
Explore More
Trending Topics
Crossword
NBA
Anime
Disney
Kpop
Marvel
Harry Potter
Pokémon
Soccer
Puzzle
Song
NFL
WWE
Country
The Office
hide this ad
More By:
callananc
Quiz
Plays
Rating
Category
Featured
Created
Coldplay - Yellow - name the lyrics
5,462
2.95
Music
Jun 14, 2011
Go to Creator's Profile
Score Distribution
Quiz Creator Spotlight
callananc
Follow
Send a Message
Quizzes Created
-
Created Quiz Play Count
-
More By This Creator
Popular Quizzes Today
1
Find the US States - No Outlines Minefield
2
Find the Countries of Europe - No Outlines Minefield
3
The Countries of the World
4
Find the US States
5
Risky Map Clicking: Biggest States A-Z
6
US States
7
Popular People in 1961
8
Movies - When Are They Set?
More Music Quizzes
Missing Lyrics: Africa
Curator's Pick
Trending Quizzes
Risky Map Clicking: Least Populous States A-Z
1-10 Letter G Words
1-10 Letter F Words
Risky Map Clicking: Next State Alphabetically
Risky Map Clicking: Biggest States A-Z
Recently Updated
Leaping Animals
pecheneg
Reality TV Shows (A-Z)
bhenderson79
Rickey Henderson's Hall of Fame Teammates
pecheneg
Champions League XIs: Arsenal
pecheneg
Quick Pick: Celebrities in WWE's Hall of Fame
aduchscher
A-Z Keypad Blitz II
pecheneg
Multiple Oscar Actors
pecheneg
Mystery Phrase Blitz: Oscar 'Best Actors'
pecheneg
F. Scott Fitzgerald Novels
LTH
Pick 3 Villains
ddd62291
Trending Topics
NBA
Crossword
Anime
Kpop
Disney
Harry Potter
Marvel
Soccer
NFL
WWE
Pokémon
Song
Country
Puzzle
The Office
Your Account Isn't Verified!
In order to create a playlist on Sporcle, you need to verify the email address you used during registration. Go to your
Sporcle Settings
to finish the process.
Report this User
Report this user for behavior that violates our
Community Guidelines
.
Details:
Send Report
Go to the Sporcle.com Mobile Site →
Comments